Sports Quiz

Random Sports or WWE Quiz

More Sporty Teddy Bears Quiz Stats

 Plays Quiz Updated Dec 10, 2018

Score 0/15 Timer 02:00
1 Play Today
% Correct
Boxing
96.5%
Karate
96%
Horse riding
95.6%
Skateboarding
95.6%
Scuba diving
95.3%
Auto Racing
95.2%
Cheerleading
95.1%
Rock Climbing
94.7%
% Correct
Yoga
94.7%
Weightlifting
94.1%
Volleyball
93.2%
Wrestling
92.7%
Bowling
92%
Cricket
90.9%
Sumo
85.3%

You're not logged in!

Compare scores with friends on all Sporcle quizzes.
OR
Log In

Show Comments

Extras

Top Quizzes Today


Score Distribution

Your Account Isn't Verified!

In order to create a playlist on Sporcle, you need to verify the email address you used during registration. Go to your Sporcle Settings to finish the process.

Report this User

Report this user for behavior that violates our Community Guidelines.

Details: